Statistics for Metallica First Lyrics Quiz

Click here to take the quiz!

General Stats

  • This quiz has been taken 116 times
  • The average score is 10 of 21

Answer Stats

LyricsAnswer% Correct
Say your prayers, little one
Don't forget my son to include everyone
Enter Sandman
94%
I can't remember anything
can't tell if this is true or a dream
One
94%
Life it seems, will fade away
drifting further everyday
Fade to Black
93%
Scanning the scene in the city tonight
looking for you to start up the fight
Seek & Destroy
87%
Hey(hey) I'm your life, I'm the one who takes you there
Hey(hey) I'm your life, I'm the one who cares
Sad But True
77%
Halls of justice painted green, money talking
Power wolves beset your door, hear them stalking
...And Justice for All
69%
Wish I may
Wish I might
Have this wish I wish tonight
Are you satisfied?
King Nothing
62%
Spineless from the start, sucked into the part
Circus comes to town, you play the lead clown
Leper Messiah
44%
Born to push you 'round
Better just stay down
The Day That Never Comes
42%
Dealing on the agony within
charging hard and no one's gonna give in
Damage, Inc.
41%
Do you see what I see? truth is an offence
You silence for your confidence
Eye of the Beholder
37%
Messenger of fear inside
Dark deception kills the light
The Thing That Should Not Be
37%
No more, the crap rolls out your mouth again
Haven't changed, your brain is still gelatin
Holier Than Thou
32%
Living and dying, laughing and crying
Once you have seen it, you'll never be the same
Motorbreath
32%
Off through the new day's mist I run
Out from the new day's mist I have come
Of Wolf and Man
32%
Where do I take this pain of mine
I run but it stays right by my side
Until It Sleeps
30%
I'm digging my way
I'm digging my way to something
I'm digging my way to something better
Bleeding Me
28%
Sound starts ripping through your ears
The deafening sound of metal nears
Phantom Lord
21%
Sleep, and dream of this
Death angle's kiss
Brings final bliss
Completely
Cyanide
20%
My eyes seek reality
My fingers seek my veins
Low Man's Lyric
20%
Don't you leave me, Father time
Take me with you
-Human
8%

Score Distribution

Percentile by Number Answered

Percent of People with Each Score

Your Score History

You have not taken this quiz